00976nam a2200253 a 450000100100000000500170001000800410002704000250006808200170009310000380011024501060014826000410025430000330029549000320032850400510036065000200041165000230043165000340045470000460048883000410053404900090057595201210058499900170070500002415520200930022750.0110119s1972 sp a 000 0 spa d aDO-SdBNPbspacBNPHU a598.1bR696r1 aRodríguez, Fernando Luis94959810aReptiles y mamíferas ibéricos /cFernando Luis Rodríguez ; prólogo Manuel García Lloréns. aMadrid, (España) :bDoncel,c1972. a224, [3] p. :bil. ;c18 cm.1 aLibro joven de bolsillov29 aIncluye referencias bibliográficas (223-224) 4aReptiles926300 4aMamíferos949599 4aAnimalesxBiografías9496001 aGarcía Lloréns, Manuelepról949601 0aLibro joven de bolsillo ;v29912847 aBNGR 001054708MOaGRbGRcCTd2011-01-19iLF1l0o598.1 R696rp24155-10r2020-06-25w2020-06-25y4ZPréstamo en sala c23649d23649